00574nam a2200145 a 450000100100000000500170001000800410002704000250006824500400009326000370013330000250017095201050019595201110030099900170041100004490920201002045725.0150119s2004 dr 000 0 spa d aDO-SdBNPbspacBNPHU00aAsume el Reto Sé parte del Intec. aSanto Domingo :bINTEC,c[200?]. a16 p. :bils. ;c21. 0010718PDaPDbPDcHDd2015-01-19iLF1l0o p44909-10r2020-06-25w2020-06-25yLFPDZNo se presta 0010718PDaPDbPDcHDd2015-01-19iLF1l0o p44909-20r2020-06-25te. 2w2020-06-25yLFPDZNo se presta c44398d44398